000 00357nam a2200145Ia 4500
008 210312s9999||||xx |||||||||||||| ||und||
041 _aosm
050 _aPL54.69
050 _bY85.H53
100 _aEdib Ahmet bin Mahmut Yükneki
245 0 _aHibet ul-Hakayık
260 _c1334
500 _a1. kısım
650 _aDil--Uygur dili (Uygurca)--Metinler
999 _c22229
_d22229